[Event "Dublin City Masters"]
[Site "Dublin"]
[Date "2013.09.15"]
[Round "4"]
[White "Fitzsimons, David"]
[Black "Walsh, Paul"]
[Result "1-0"]
[WhiteElo "2341"]
[BlackElo "2127"]
[PlyCount "87"]
[EventDate "2013.09.13"]
[EventType "swiss"]
[EventRounds "5"]
[EventCountry "IRL"]
[SourceTitle "EXT 2015"]
[Source "ChessBase"]
[SourceDate "2014.11.20"]
[SourceVersion "1"]
[SourceVersionDate "2014.11.20"]
[SourceQuality "1"]

1. e4 e5 2. Nf3 Nc6 3. Bc4 Bc5 4. c3 Nf6 5. d3 d6 6. Bb3 Qe7 7. Nbd2 Be6 8. Bc2 d5 9. 0-0 0-0 10. h3 dxe4 11. dxe4 Nd7 12. Qe2 a5 13. Nc4 f6 14. Ne3 Bxe3 15. Bxe3 Qf7 16. Rfd1 Rfb8 17. a4 Nf8 18. Nd2 Ng6 19. Qb5 Nge7 20. Bb3 b6 21. Kf1 Rd8 22. Bxe6 Qxe6 23. Nc4 Rd7 24. Qb3 Rad8 25. Rxd7 Rxd7 26. Nxa5 Kf7 27. Qxe6+ Kxe6 28. Nxc6 Nxc6 29. Ke2 Rd8 30. b4 Nb8 31. b5 Nd7 32. c4 Rc8 33. Kd3 c6 34. Kc3 Kd6 35. Rd1+ Kc7 36. Rxd7+ Kxd7 37. Bxb6 cxb5 38. axb5 g6 39. c5 f5 40. Kc4 Ke6 41. c6 fxe4 42. Be3 Kd6 43. Bc5+ Ke6 44. b6 1-0

[Event "Dublin City Masters"]
[Site "Dublin"]
[Date "2013.09.15"]
[Round "5"]
[White "Walsh, Paul"]
[Black "Hayes, Peter J"]
[Result "1/2-1/2"]
[WhiteElo "2127"]
[BlackElo "2022"]
[PlyCount "52"]
[EventDate "2013.09.13"]
[EventType "swiss"]
[EventRounds "5"]
[EventCountry "IRL"]
[SourceTitle "EXT 2015"]
[Source "ChessBase"]
[SourceDate "2014.11.20"]
[SourceVersion "1"]
[SourceVersionDate "2014.11.20"]
[SourceQuality "1"]

1. c4 c6 2. Nf3 Nf6 3. e3 d5 4. b3 e6 5. Be2 Bd6 6. d4 Nbd7 7. Bb2 Ne4 8. 0-0 0-0 9. Nbd2 f5 10. Ne5 g5 11. f3 Nxd2 12. Qxd2 Qf6 13. Nxd7 Bxd7 14. e4 Qh6 15. e5 Be7 16. b4 b5 17. cxb5 cxb5 18. Rac1 Rfc8 19. a3 Qf8 20. g3 Kh8 21. Rxc8 Rxc8 22. Rc1 Qd8 23. Rxc8 Qxc8 24. Qc1 Qd8 25. Qc3 Qb6 26. Bc1 Qc6 1/2-1/2

[Event "Dublin City Masters"]
[Site "Dublin"]
[Date "2013.09.14"]
[Round "2"]
[White "Delaney, John Anthony"]
[Black "Walsh, Paul"]
[Result "1-0"]
[WhiteElo "2248"]
[BlackElo "2127"]
[PlyCount "59"]
[EventDate "2013.09.13"]
[EventType "swiss"]
[EventRounds "5"]
[EventCountry "IRL"]
[SourceTitle "EXT 2015"]
[Source "ChessBase"]
[SourceDate "2014.11.20"]
[SourceVersion "1"]
[SourceVersionDate "2014.11.20"]
[SourceQuality "1"]

1. c4 e6 2. Nf3 d5 3. b3 Nf6 4. g3 Be7 5. Bg2 0-0 6. 0-0 c5 7. d3 Nc6 8. Nbd2 Bd7 9. a3 Qc7 10. Qc2 Rfd8 11. Re1 d4 12. e4 e5 13. Rb1 Rab8 14. Nh4 a6 15. Ndf3 Ne8 16. Qe2 b5 17. cxb5 axb5 18. Nf5 Bf8 19. h3 f6 20. N3h4 Be6 21. Rf1 c4 22. Qg4 Kh8 23. bxc4 bxc4 24. Rxb8 Rxb8 25. dxc4 Bxc4 26. Rd1 Qa7 27. Bf1 Be6 28. Qh5 Bxa3 29. Bxa3 Qxa3 30. Bb5 1-0

[Event "EU Union-ch"]
[Site "Cork"]
[Date "2005.03.31"]
[Round "10"]
[White "Walsh, Paul"]
[Black "McPhillips, Karl"]
[Result "0-1"]
[WhiteElo "2061"]
[BlackElo "2242"]
[PlyCount "92"]
[EventDate "2005.03.22"]
[EventType "swiss"]
[EventRounds "10"]
[EventCountry "IRL"]
[SourceTitle "CBM 105 Extra"]
[Source "ChessBase"]
[SourceDate "2005.05.01"]
[SourceVersion "1"]
[SourceVersionDate "2005.05.01"]
[SourceQuality "1"]

1. e4 c5 2. Nc3 Nc6 3. g3 g6 4. Bg2 Bg7 5. d3 d6 6. Nge2 e6 7. h4 h5 8. Bg5 Qa5 9. 0-0 Nd4 10. Nxd4 cxd4 11. Ne2 Ne7 12. c3 Nc6 13. cxd4 Nxd4 14. Be3 Nxe2+ 15. Qxe2 Bd7 16. Rfc1 0-0 17. Bd2 Qb6 18. Bc3 Rac8 19. Bxg7 Kxg7 20. Qd2 Bb5 21. d4 Kg8 22. a3 a5 23. Bf3 Rfd8 24. Kh2 e5 25. d5 Qd4 26. Rd1 Qxd2 27. Rxd2 a4 28. g4 hxg4 29. Bxg4 Bd7 30. Bxd7 Rxd7 31. f4 exf4 32. Rf1 Rdc7 33. Rxf4 Rc2 34. Rff2 R2c4 35. Rf6 Rxe4 36. Rxd6 Rxh4+ 37. Kg3 Rcc4 38. Rd8+ Kg7 39. Rd7 Rhg4+ 40. Kf3 Rgf4+ 41. Ke3 Rfe4+ 42. Kd3 Kf6 43. Rxb7 Rcd4+ 44. Kc2 Rxd2+ 45. Kxd2 Ke5 46. d6 Kxd6 0-1

[Event "IRL-ch"]
[Site "Limerick"]
[Date "2004.07.18"]
[Round "9"]
[White "Walsh, Paul"]
[Black "Mudrak, Josef"]
[Result "1/2-1/2"]
[WhiteElo "2052"]
[BlackElo "2387"]
[PlyCount "109"]
[EventDate "2004.07.10"]
[EventType "swiss"]
[EventRounds "9"]
[EventCountry "IRL"]
[SourceTitle "EXT 2012"]
[Source "ChessBase"]
[SourceDate "2011.11.24"]
[SourceVersion "1"]
[SourceVersionDate "2011.11.24"]
[SourceQuality "1"]

1. e4 c5 2. Nf3 Nc6 3. d4 cxd4 4. Nxd4 Nf6 5. Nc3 e5 6. Ndb5 d6 7. Bg5 a6 8. Na3 b5 9. Nd5 Be7 10. Bxf6 Bxf6 11. c3 0-0 12. Nc2 Bg5 13. Be2 g6 14. a4 bxa4 15. 0-0 Bd7 16. Rxa4 a5 17. Bb5 f5 18. Na3 Rb8 19. Rc4 Ne7 20. Bxd7 Qxd7 21. Rc7 Qe6 22. Nxe7+ Bxe7 23. Qd5 Qxd5 24. exd5 Bd8 25. Rc6 Rxb2 26. Nc4 Rb5 27. Rd1 Be7 28. Nxd6 Bxd6 29. Rxd6 Rc8 30. Re6 Rxc3 31. Rxe5 Rd3 32. Rde1 Rbxd5 33. Re8+ Kg7 34. R1e7+ Kf6 35. h4 Rd1+ 36. Kh2 Rd7 37. Rxd7 Rxd7 38. Ra8 Rd5 39. f4 Ke6 40. h5 gxh5 41. Ra6+ Kd7 42. Kg3 Kc7 43. Rh6 a4 44. Rxh5 Ra5 45. Rxh7+ Kd6 46. Rh1 Ra8 47. Ra1 a3 48. Kh4 a2 49. g4 Ke6 50. gxf5+ Kxf5 51. Kg3 Ke4 52. f5 Kxf5 53. Kf3 Ra3+ 54. Ke2 Rh3 55. Kd2 1/2-1/2

[Event "IRL-ch"]
[Site "Limerick"]
[Date "2004.07.17"]
[Round "8"]
[White "Soh, Edmund"]
[Black "Walsh, Paul"]
[Result "1/2-1/2"]
[WhiteElo "2047"]
[BlackElo "2052"]
[PlyCount "97"]
[EventDate "2004.07.10"]
[EventType "swiss"]
[EventRounds "9"]
[EventCountry "IRL"]
[SourceTitle "EXT 2012"]
[Source "ChessBase"]
[SourceDate "2011.11.24"]
[SourceVersion "1"]
[SourceVersionDate "2011.11.24"]
[SourceQuality "1"]

1. e4 e5 2. Nf3 Nc6 3. d4 exd4 4. Bc4 Nf6 5. 0-0 Nxe4 6. Re1 d5 7. Bxd5 Qxd5 8. Nc3 Qa5 9. Nxe4 Be6 10. Neg5 0-0-0 11. Nxe6 fxe6 12. Rxe6 Qd5 13. Qe2 h6 14. Bd2 Bc5 15. a3 Rhf8 16. Re1 Kb8 17. Qe4 Qxe4 18. R6xe4 a6 19. h3 b5 20. R1e2 d3 21. cxd3 Rxf3 22. gxf3 Nd4 23. R2e3 Kb7 24. Bc3 Nf5 25. d4 Bxd4 26. Bxd4 Nxd4 27. Kg2 Rd6 28. Rd3 c5 29. Re7+ Kc6 30. Rxg7 c4 31. Rd1 a5 32. Re1 b4 33. axb4 axb4 34. Ree7 Kb5 35. Rd7 Rxd7 36. Rxd7 c3 37. bxc3 bxc3 38. Rb7+ Kc5 39. Rb1 c2 40. Rc1 Kc4 41. h4 Kd3 42. Kh3 h5 43. f4 Kd2 44. Rh1 Nf5 45. Kg2 Ke2 46. Rc1 Kd2 47. Rh1 Ke2 48. Rc1 Kd2 49. Rh1 1/2-1/2

[Event "IRL-ch"]
[Site "Limerick"]
[Date "2004.07.13"]
[Round "4"]
[White "Walsh, Paul"]
[Black "Keogh, Eamon"]
[Result "1/2-1/2"]
[WhiteElo "2052"]
[BlackElo "2123"]
[PlyCount "53"]
[EventDate "2004.07.10"]
[EventType "swiss"]
[EventRounds "9"]
[EventCountry "IRL"]
[SourceTitle "EXT 2012"]
[Source "ChessBase"]
[SourceDate "2011.11.24"]
[SourceVersion "1"]
[SourceVersionDate "2011.11.24"]
[SourceQuality "1"]

1. e4 e5 2. Nf3 d6 3. d4 exd4 4. Nxd4 g6 5. Nc3 Bg7 6. Bc4 Ne7 7. Bg5 Nbc6 8. Nd5 Qd7 9. Nf6+ Bxf6 10. Bxf6 Rg8 11. 0-0 Ne5 12. Be2 g5 13. Bxe5 dxe5 14. Nf5 Qc6 15. Ne3 a6 16. Bg4 Be6 17. Bxe6 Qxe6 18. Qd2 Qd7 19. Rad1 Qxd2 20. Rxd2 Rd8 21. Rfd1 Rxd2 22. Rxd2 Rg6 23. Kf1 Rd6 24. Ke2 Rxd2+ 25. Kxd2 Kd7 26. Kd3 Kd6 27. Nd1 1/2-1/2